Statistics for County seats of Georgia

Click here to take the quiz!

General Stats

  • This quiz has been taken 81 times
  • The average score is 48 of 159

Answer Stats

HintAnswer% Correct
FultonAtlanta
89%
BibbMacon
86%
ChathamSavannah
80%
ClarkeAthens
72%
RichmondAugusta
66%
MuscogeeColumbus
63%
CobbMarietta
62%
FloydRome
62%
LowndesValdosta
58%
DeKalbDecatur
57%
DoughertyAlbany
52%
CoffeeDouglas
52%
GwinnettLawrenceville
52%
ClayFort Gaines
49%
ButtsJackson
49%
JacksonJefferson
48%
CowetaNewnan
48%
GlynnBrunswick
46%
FayetteFayetteville
46%
BullochStatesboro
46%
CarrollCarrollton
45%
BartowCartersville
45%
ForsythCumming
45%
TerrellDawson
45%
DouglasDouglasville
45%
HallGainesville
45%
ClaytonJonesboro
45%
GordonCalhoun
43%
RabunClayton
43%
ColumbiaEvans
43%
BaldwinMilledgeville
42%
WilkesWashington
42%
SumterAmericus
40%
DawsonDawsonville
40%
WaltonMonroe
40%
BakerNewton
40%
TiftTifton
40%
CherokeeCanton
38%
WhitfieldDalton
38%
TroupLaGrange
38%
FanninBlue Ridge
37%
HeardFranklin
37%
MorganMadison
37%
DecaturBainbridge
35%
CatoosaRinggold
35%
ThomasThomasville
35%
BarrowWinder
35%
CripsCordele
34%
ElbertElberton
32%
LibertyHinesville
32%
StephensToccoa
32%
DoolyVienna
32%
PauldingDallas
31%
LaurensDublin
31%
Ben HillFitzgerald
31%
GreeneGreensboro
31%
SpaldingGriffin
31%
PickensJasper
31%
BrooksQuitman
31%
EmanuelSwainsboro
31%
CookAdel
29%
BaconAlma
29%
GradyCairo
29%
BanksHomer
29%
LeeLeesburg
29%
StewartLumpkin
29%
WareWaycross
29%
ApplingBaxley
28%
EarlyBlakely
28%
WhiteCleveland
28%
ChattahoocheeCusseta
28%
JonesGray
28%
CandlerMetter
28%
ColquittMoultrie
28%
HoustonPerry
28%
DadeTrenton
28%
RockdaleConyers
26%
DodgeEastman
26%
PutnamEatonton
26%
GilmerElijay
26%
MonroeForsyth
26%
LincolnLincolnton
26%
EffinghamSpringfield
26%
ChatoogaSummerville
26%
UpsonThomaston
26%
BurkeWaynesboro
26%
CamdenWoodbine
26%
LamarBarnesville
25%
NewtonCovington
25%
Jeff DavisHazlehurst
25%
TownsHiawassee
25%
WalkerLaFayette
25%
BrantleyNahunta
25%
MaconOglethorpe
25%
AtkinsonPearson
25%
BryanPembroke
25%
McIntoshDarien
23%
CharltonFolkston
23%
ClinchHomerville
23%
BerrienNashville
23%
HancockSparta
23%
EvansClaxton
22%
BlechleyCochran
22%
MillerColquitt
22%
PeachFort Valley
22%
MeriweatherGreenville
22%
HartHartwell
22%
TwiggsJeffersonville
22%
JeffersonLouisville
22%
CalhounMorgan
22%
TreutlenSoperton
22%
EcholsStatenville
22%
ScrevenSylvania
22%
WarrenWarrenton
22%
OconeeWatkinsville
22%
MitchellCamilla
20%
PolkCedartown
20%
MurrayChatsworth
20%
HabershamClarkesville
20%
TaliaferroCrawfordville
20%
JasperMonticello
20%
WashingtonSandersville
20%
RandolphCuthbert
18%
SeminoleDonalsonville
18%
HarrisHamilton
18%
WilkinsonIrwinton
18%
CrawfordKnoxville
18%
TelfairMcRae
18%
JenkinsMillen
18%
IrwinOcilla
18%
WebsterPreston
18%
TalbotTalbotton
18%
UnionBlairsville
17%
HaralsonBuchanan
17%
MadisonDanielsville
17%
QuitmanGeorgetown
17%
PulaskiHawkinsville
17%
LanierLakeland
17%
LongLudowici
17%
ToombsLyons
17%
PikeZebulon
17%
TurnerAshburn
15%
PierceBlackshear
15%
FranklinCarnesville
15%
SchleyEllaville
15%
WayneJesup
15%
TattnallReidsville
15%
JohnsonWrightsville
15%
MarionBuena Vista
14%
TaylorButler
14%
MontgomeryMount Vernon
14%
GlascockGibson
12%
OglethorpeLexington
12%
WorthSylvester
12%
WheelerAlamo
11%
McDuffieThompson
11%
WilcoxAbbeville
8%
LumpkinDalhonega
6%
HenryMcDounough
3%

Score Distribution

Percentile by Number Answered

Percent of People with Each Score

Your Score History

You have not taken this quiz